000
00337nam a2200133Ia 4500
008
240624s9999 xx 000 0 und d
041
_a
eng
082
_a
413 PAR
100
_a
WAGENAAR HENK W
245
_a
HINDI TRANSLITERATED HINDI ENGLISH DICTI
260
_c
2001
_a
New Delhi
_b
Allied Publisher
300
_a
xxii, : 1167
365
_c
RS
999
_c
2033
_d
2033